| 000 | 01495nam a2200373Ia 4500 | ||
|---|---|---|---|
| 001 | ebr10159669 | ||
| 003 | CaPaEBR | ||
| 006 | m u | ||
| 007 | cr cn||||||||| | ||
| 008 | 970402s1997 mnua sb 001 0 eng d | ||
| 010 | _z 97014055 | ||
| 020 | _z9780816630134 | ||
| 020 | _z0816630127 (alk. paper) | ||
| 020 | _z0816630135 (pbk. : alk. paper) | ||
| 040 |
_aCaPaEBR _cCaPaEBR |
||
| 035 | _a(OCoLC)232159963 | ||
| 050 | 1 | 4 |
_aQH333 _b.C48 1997eb |
| 082 | 0 | 4 |
_a570/.1 _221 |
| 245 | 0 | 0 |
_aChanging life _h[electronic resource] : _bgenomes, ecologies, bodies, commodities / _cPeter J. Taylor, Saul E. Halfon, Paul N. Edwards, editors. |
| 260 |
_aMinneapolis, MN : _bUniversity of Minnesota Press, _cc1997. |
||
| 300 |
_a230 p. : _bill. |
||
| 490 | 1 |
_aCultural politics ; _vv. 13 |
|
| 504 | _aIncludes bibliographical references and index. | ||
| 533 |
_aElectronic reproduction. _bPalo Alto, Calif. : _cebrary, _d2009. _nAvailable via World Wide Web. _nAccess may be limited to ebrary affiliated libraries. |
||
| 650 | 0 |
_aLife sciences _xSocial aspects. |
|
| 650 | 0 |
_aLife sciences _xPolitical aspects. |
|
| 655 | 7 |
_aElectronic books. _2local |
|
| 700 | 1 |
_aTaylor, Peter J., _d1955- |
|
| 700 | 1 | _aHalfon, Saul E. | |
| 700 | 1 | _aEdwards, Paul N. | |
| 710 | 2 | _aebrary, Inc. | |
| 830 | 0 |
_aCultural politics (Minneapolis, Minn.) ; _vv. 13. |
|
| 856 | 4 | 0 |
_uhttp://site.ebrary.com/lib/rucke/Doc?id=10159669 _zAn electronic book accessible through the World Wide Web; click to view |
| 999 |
_c133528 _d133528 |
||